Tous les adversaires du Stade rochelais en Coupe d'Europe. - Statistiques

Statistiques générales
  • Ce quiz a été pris 82 fois
    23 depuis la dernière actualisation
  • Le résultat moyen est 12 sur 22
Statistiques - réponses
Équipes Matches Victoires Nuls Défaites Différence % Correct
Stade toulousain 1 0 0 1 -5
100%
Leinster 7 3 0 4 -24
95%
Union-Bordeaux-Bègles 2 2 0 0 26
90%
Munster 1 0 0 1 -1
86%
Racing 92 1 1 0 0 7
67%
Bath Rugby 4 3 1 0 50
67%
Northampton Saints 2 2 0 0 52
62%
Saracens 1 1 0 0 14
62%
Benetton Trévise 1 0 0 1 -7
57%
Montpellier HR 1 1 0 0 12
57%
Harlequins 3 2 0 1 6
57%
Sale Sharks 4 3 0 1 34
57%
Stormers 3 1 0 2 -21
52%
Ulster 4 3 0 1 28
52%
Exeter Chiefs 3 1 0 2 -19
48%
Leicester Tigers 2 2 0 0 52
48%
London Wasps 2 1 0 1 2
43%
Bristol Bears 1 1 0 0 28
38%
Glasgow Warriors 4 3 0 1 17
33%
Edinburgh Rugby 1 1 0 0 5
29%
Llanelli Scarlets 1 0 0 1 -12
24%
Gloucester RFC 2 2 0 0 14
24%
Aucun quiz correspondant
Distribution des résultats
% des personnes avec chaque résultat
Percentile par nombre de réponses
Votre historique - résultats
Vous n’avez pas pris ce quiz depuis la dernière actualisation